Guess the Random Flags on a Wall 2 - Statistics

General Stats
  • This quiz has been taken 24 times
  • The average score is 7 of 8
Answer Stats
Picture Answer % Correct
Chile
100%
Brunei
92%
Czech Republic
92%
New Zealand
92%
Philippines
92%
Dominica
83%
Gambia
83%
East Timor
75%
No matching quizzes found
Score Distribution
Percent of People with Each Score
Percentile by Number Answered
Your Score History
You have not taken this quiz